Statistics for 100 Best Songs of the 2000s

Click here to take the quiz!

General Stats

  • This quiz has been taken 30,359 times
    (29,580 since last reset)
  • The average score is 24 of 73

Answer Stats

SongsArtist% Correct
3, 50, 60Crazy in Love, Single Ladies, IrreplaceableBeyoncé
94%
26, 34, 54, 68Clocks, Yellow, The Scientist, Viva la VidaColdplay
88%
23UmbrellaRihanna
88%
10, 12Stan, Lose YourselfEminem
86%
96Poker FaceLady Gaga
86%
44ToxicBritney Spears
84%
47, 65American Idiot, Boulevard of Broken DreamsGreen Day
81%
4, 21, 55Hey Ya, B.O.B., Ms. JacksonOutKast
78%
8, 98Rehab, Back to ClackAmy Winehouse
77%
19, 29Jesus Walks, Gold DiggerKanye West
77%
2, 82, 8899 Problems, Dirt Off Your Shoulder, Izzo (H.O.V.A.)Jay-Z
74%
13In da Club50 Cent
73%
18Since U Been GoneKelly Clarkson
67%
20Cry Me a RiverJustin Timberlake
66%
48Mr. BrightsideThe Killers
64%
38, 99Clint Eastwood, Feel Good Inc.Gorillaz
61%
6, 58Seven Nation Army, Fell in Love with a GirlThe White Stripes
61%
30Ignition (Remix)R. Kelly
58%
93Drop It Like It's HotSnoop Dogg
57%
9, 36, 64Beautiful Day, Moment of Surrender, VertigoU2
57%
33One More TimeDaft Punk
54%
1CrazyGnarls Barkley
47%
72Use SomebodyKings of Leon
45%
5Paper PlanesM.I.A.
45%
14, 25Get Ur Freak On, Work ItMissy Elliott
44%
66, 76Music, Hung UpMadonna
43%
45Can't Get You Out of My HeadKylie Minogue
42%
81Get the Party StartedP!nk
41%
52BeautifulChristina Aguilera
39%
32Take Me OutFranz Ferdinand
37%
62Fallin'Alicia Keys
35%
70I Bet You Look Good on the Dance FloorArctic Monkeys
33%
15HurtJohnny Cash
32%
40MilkshakeKelis
32%
11, 46Time to Pretend, KidsMGMT
31%
61Are You Gonna Be My GirlJet
29%
63A MilliLil Wayne
26%
16, 59Last Nite, Hard to ExplainThe Strokes
23%
39Float OnModest Mouse
20%
95Family AffairMary J. Blige
18%
24, 56, 94Everything in Its Right Place, Idioteque, Pyramid SongRadiohead
16%
7MapsYeah Yeah Yeahs
14%
73No One KnowsQueens of the
Stone Age
13%
77Not Ready to Make NiceDixie Chicks
11%
86Try AgainAaliyah
10%
42, 75Wake Up, Rebellion (Lies)Arcade Fire
10%
100Welcome to JamrockDamian Marley
10%
801901Phoenix
10%
221 ThingAmerie
9%
71D.A.N.C.E.Justice
9%
37, 41, 78Losing My Edge, All My Friends, Daft Punk Is Playing at My HouseLCD Soundsystem
9%
27Such Great HeightsThe Postal Service
9%
57New SlangThe Shins
9%
35, 91The Rising, My City of RuinsBruce Springsteen
8%
97White Winter HymnalFleet Foxes
8%
31Do You RealizeThe Flaming Lips
7%
83Standing in the Way of ControlThe Gossip
6%
51Untitled (How Does It Feel)D'Angelo
5%
43The SeedThe Roots
5%
67Jesus, Etc.Wilco
5%
17MississippiBob Dylan
4%
92AlcoholBrad Paisley
4%
69L.E.S. ArtistesSantigold
4%
84Grindin'The Clipse
4%
87HeartbeatsThe Knife
4%
74Wolf Like MeTV on the Radio
4%
89LuaBright Eyes
3%
53House of Jealous LoversThe Rapture
3%
49The RatThe Walkmen
3%
90RoscoeMidlake
2%
28A Few Words in Defense
of Our Country
Randy Newman
2%
79Gone Gone GoneRobert Plant &
Alison Krauss
2%
85Stillness is the MoveThe Dirty Projectors
2%

Score Distribution

Percentile by Number Answered

Percent of People with Each Score

Your Score History

You have not taken this quiz since the last reset